000 00987nmc a2200349 a 4500
003 AR-BaBNM
005 20251128204315.0
008 011101s1993 ||||||||||||||000 | spa||
020 _a950-581-641-3
040 _cAR-BaBNM
100 1 _aMaritano, Alma
245 1 0 _aTaller de escritura
_bla aventura de escribir
260 _aBuenos Aires
_bColihue
_c1993
300 _a204 p.
_bil.
490 0 _aNuevos caminos
500 _aRevistas literarias p. 204
504 _aBibliografía general p. 202-204
650 4 _aCUENTO [FORMA Y GENERO LITERARIO]
650 4 _aENSENANZA DE LA ESCRITURA
650 4 _aTALLERES [METODO PEDAGOGICO]
650 4 _aMOTIVACION DEL ALUMNO
650 4 _aCOMUNICACION
650 4 _aLITERATURA
650 4 _aSEMANTICA
650 4 _aNOVELAS
650 4 _aEDUCACION SENSORIAL
653 _aMETODOS EDUCATIVOS
700 1 _aBallestero, Graciela
_ecolaborador
700 1 _aPiaggio, Raquel
_ecolaborador
942 _cBK
998 _cCarmen
999 _c6963
_d6963